Countries hi111223 has been to by Flag Maps - Statistics

General Stats
  • This quiz has been taken 37 times
  • The average score is 5 of 5
Answer Stats
Picture Answer % Correct
Canada (2 Subdivisions)
100%
Italy (3 Subdivisions)
100%
United States (13 Subdivisions)
100%
Vatican City
96%
San Marino
93%
No matching quizzes found
Score Distribution
Percent of People with Each Score
Percentile by Number Answered
Your Score History
You have not taken this quiz